[Event "ROM-ch U10"]
[Site "Calimanesti"]
[Date "2018.03.30"]
[Round "5"]
[White "Bizadea, Boris1111"]
[Black "Nicolaescu, Andrei Luca"]
[Result "1-0"]
[WhiteElo "1001"]
[BlackElo "1039"]
[PlyCount "28"]
[EventDate "2018.03.27"]
[EventType "swiss"]
[EventRounds "9"]
[EventCountry "ROU"]
[SourceTitle "CBM 183 Extra"]
[Source "ChessBase"]
[SourceDate "2018.04.19"]
[SourceVersion "1"]
[SourceVersionDate "2018.04.19"]
[SourceQuality "1"]

1. e4 e5 2. Nf3 Nf6 3. Nc3 Bc5 4. h3 d6 5. Bc4 c6 6. Bb3 b5 7. d3 Nbd7 8. a3 Qb6 9. Qe2 Qa5 10. Bg5 b4 11. Bd2 bxc3 12. Bxc3 Qc7 13. 0-0-0 Ba6 14. Qd2 Ke7 1-0